Incredible Cross-Sections / (Record no. 615129)
[ view plain ]
| 000 -LEADER | |
|---|---|
| fixed length control field | 00835nam a22001697a 4500 |
| 003 - CONTROL NUMBER IDENTIFIER | |
| control field | NUST |
| 005 - DATE AND TIME OF LATEST TRANSACTION | |
| control field | 20251008185930.0 |
| 020 ## - INTERNATIONAL STANDARD BOOK NUMBER | |
| International Standard Book Number | 0863188079 |
| 082 ## - DEWEY DECIMAL CLASSIFICATION NUMBER | |
| Classification number | 621.3,BIE |
| 100 ## - MAIN ENTRY--PERSONAL NAME | |
| Personal name | Biesty's, Stephen |
| 9 (RLIN) | 131052 |
| 245 ## - TITLE STATEMENT | |
| Title | Incredible Cross-Sections / |
| Remainder of title | Stephen Biesty's |
| 260 ## - PUBLICATION, DISTRIBUTION, ETC. | |
| Place of publication, distribution, etc. | Dorling Kindersley |
| Name of publisher, distributor, etc. | London |
| Date of publication, distribution, etc. | 1992 |
| 300 ## - PHYSICAL DESCRIPTION | |
| Extent | 48 p |
| Other physical details | 18 Amazing Buildings and Machines |
| 505 ## - FORMATTED CONTENTS NOTE | |
| Formatted contents note | Castle (Page-4), Observatory (Page-6), Galleon (Page-8), Ocean Linear (Page-10), Submarine (Page-16), Coal Mine (Page-18), Tank (Page-20), Oil Rig (Page-22), Cathedral (Page-24), Jumbo Jet (Page-26), Car Factory (Page-28), Helicopter (Page-30), Opera House (Page-32), Steam Train (Page-34), Subway Station (Page-40), Fishing Trawler (Page-42), Empire State (Page-44), Space Shuttle (Page-46). |
| 650 ## - SUBJECT ADDED ENTRY--TOPICAL TERM | |
| Topical term or geographic name entry element | Incredible |
| 9 (RLIN) | 131053 |
| 942 ## - ADDED ENTRY ELEMENTS (KOHA) | |
| Source of classification or shelving scheme | |
| Koha item type | Book |
| Withdrawn status | Lost status | Source of classification or shelving scheme | Damaged status | Not for loan | Permanent Location | Current Location | Shelving location | Date acquired | Total Checkouts | Full call number | Barcode | Date last seen | Price effective from | Koha item type | Public note |
|---|---|---|---|---|---|---|---|---|---|---|---|---|---|---|---|
| Military College of Signals (MCS) | Military College of Signals (MCS) | General Stacks | 10/08/2025 | 621.3,BIE | MCS34550 | 10/08/2025 | 10/08/2025 | Book | Almirah No.76, Shelf No.2 |
